| 000 | 01408nam a2200325 4500 | ||
|---|---|---|---|
| 001 | 174620 | ||
| 003 | ES-MaACL | ||
| 005 | 20250831072605.0 | ||
| 008 | 100512s1865 sp bp |||| | spa d | ||
| 080 | _a27(460) | ||
| 100 | 1 |
_aFlórez, Enrique, _d1702-1773 _9142679 |
|
| 240 | 1 | 0 | _aEspaña sagrada |
| 245 | 1 | 0 |
_aEspaña sagrada, continuada por la Real Academia de la Historia. _nTomo XLIX, _pTratado LXXXVII _b: la santa iglesia de Tarazona en sus estados antiguo y moderno / _cpor Vicente de la Fuente. |
| 260 |
_aMadrid : _bimprenta José Rodríguez, _c1865. |
||
| 300 |
_aXVI, 519 p., [1] h. mapa pleg. ; _c20 cm. |
||
| 500 | _aLa h. de lám. pleg. mapa del obispado de Tarazona. | ||
| 504 | _aApéndices, p.315-508. | ||
| 504 | _aÍndice alfabético de las cosas notables del tomo. | ||
| 530 | _aDisponible en formato digital. | ||
| 546 | _aTextos de los apéndices en latín. | ||
| 650 | 7 |
_aHistoria eclesiástica _2embne _913400 |
|
| 651 | 4 |
_aEspaña- _xHistoria eclesiástica. _98368 |
|
| 651 | 4 |
_aTarazona (Diócesis)- _xHistoria eclesiástica. _9142801 |
|
| 700 | 1 |
_aFuente, Vicente de la, _d1817-1889 _952857 |
|
| 710 | 2 |
_aReal Academia de la Historia (España) _96309 |
|
| 852 | 4 |
_aES-MaACL _jR-1617-69 _x C-16767-818 |
|
| 856 |
_uhttps://archive.org/details/espaasagradathe34palegoog/page/n9 _zInternet Archive |
||
| 999 |
_c174620 _d174620 |
||